| 000 -ლიდერი |
| ფიქსირებული სიგრძის საკონტროლო ველი |
01449nam a2200229 4500 |
| 003 - საკონტროლო ნომრის იდენტიფიკატორი |
| საკონტროლო ველი |
Ge_BSU |
| 005 - ბოლო ოპერაციის თარიღი და დრო |
| საკონტროლო ველი |
20240514103058.0 |
| 008 - ფიქსირებული სიგრძის მონაცემთა ელემენტები - ზოგადი ინფორმაცია |
| ფიქსირებული სიგრძის საკონტროლო ველი |
240206s2001 ge ||||| |||| 00| 0 geo d |
| 041 ## - ენის კოდი |
| Language code of text/sound track or separate title |
geo |
| 080 ## - უნივერსალური ათობითი კლასიფიკაციის ინდექსი |
| Universal Decimal Classification number |
615.31(075.8) თ–49 |
| 245 ## - ცნობა სათაურის შესახებ |
| Title |
თერაპიული სტომატოლოგია : |
| Remainder of title |
სახელმძღვანელო / |
| Statement of responsibility, etc |
ე.ვ.ბოროვსკი, ი.დ.ბარიშევა, ი.მ.მაქსიმოვსკი და სხვ.; მთარგმნელი ხ.გაბიტაშვილი; რედაქტორი ე.ვ.ბოროვსკი; თარგმანის რედაქტორი ლ.ჭელიძე. |
| 264 ## - წარმოების, გამოცემის, დისტრიბუციის და სხვა ცნობები |
| გამოცემის, წარმოების, დისტრიბუციის... ადგილი |
თბილისი : |
| გამოცემის, წარმოების, დისტრიბუციის... სახელწოდება |
მთაწმინდელი, |
| გამოცემის, წარმოების, დისტრიბუციის... თარიღი |
2001. |
| 300 ## - ფიზიკური აღწერა |
| Extent |
463 გვ.: |
| Other physical details |
ილ.,სურ.; |
| Dimensions |
22 სმ. |
| 653 ## - INDEX TERM--UNCONTROLLED |
| Uncontrolled term |
თერაპიული სტომატოლოგია |
| 653 ## - INDEX TERM--UNCONTROLLED |
| Uncontrolled term |
მედიცინა |
| 700 ## - ADDED ENTRY--PERSONAL NAME |
| Personal name |
.ბოროვსკი, ე.ვ. |
| Relator term |
ავტორი |
| 9 (RLIN) |
21198 |
| 700 ## - ADDED ENTRY--PERSONAL NAME |
| Personal name |
ბარიშევა, ი.დ. |
| Relator term |
ავტორი |
| 9 (RLIN) |
21199 |
| 700 ## - ADDED ENTRY--PERSONAL NAME |
| Personal name |
მაქსიმოვსკი, ი.მ. და სხვ. |
| 9 (RLIN) |
21200 |
| Relator term |
ავტორი |
| 700 ## - ADDED ENTRY--PERSONAL NAME |
| Personal name |
ბოროვსკი, ე.ვ. |
| Relator term |
რედაქტორი |
| 9 (RLIN) |
21201 |
| 700 ## - ADDED ENTRY--PERSONAL NAME |
| Personal name |
ჭელიძე, ლ. |
| Relator term |
თარგმანის რედაქტორი |
| 9 (RLIN) |
21202 |
| 942 ## - ADDED ENTRY ELEMENTS (KOHA) |
| Source of classification or shelving scheme |
|
| Koha item type |
წიგნი |